000 00471nam a2200133Ia 4500
008 171212s9999 xx 000 0 und d
020 _a9781921536489
245 _ceditor Fairbairn, Andrew;O'Connor, Sue;Marwick, Ben
_aNew Directions in Archaeological Science
260 _bANU E Press
_c2009
440 _aTerra Australis
650 _aArchaeology
650 _aArchaeometry -- Congresses; Archaeology -- Congresses
856 _uwww.jstor.org/stable/10.2307/j.ctt24h9nj
999 _c351224
_d351224